00788nam a2200181Ia 4500008004100000020001500041041001200056082001100068100001400079245004100093260003900134300000800173650000700181942000700188999001500195952019800210952019800408221030s9999 xx 000 0 und d a8131709412 aEnglish a105.23 aD. Galles 0aModern Compiler Designcby D. Galles bPearson EdcuationaNew Delhic2009 a373 aIT cBK c9155d9155 pBE 10800g375.00i339l0o105.23 eDurga Books, Amritsarr2024-06-13 00:00:00w2022-10-30yBK003Print4070aMIETLIBbMIETLIBcBL-Academic Block B, FL-1, CUP-168, SH-4, R-4d2010-07-0210HBE pBE 10801g375.00i339l0o105.23 eDurga Books, Amritsarr2024-06-13 00:00:00w2022-10-30yBK003Print4070aMIETLIBbMIETLIBcBL-Academic Block C, FL-2, CUP-155, SH-3, R-3d2010-07-0210HBE